UBT Library

Creating freshwater wetlands / (Record no. 40197)

000 -LEADER
fixed length control field 00760cam a2200241 a 4500
001 - CONTROL NUMBER
control field 610050
005 - DATE AND TIME OF LATEST TRANSACTION
control field 20180112050653.0
008 - FIXED-LENGTH DATA ELEMENTS--GENERAL INFORMATION
fixed length control field 911228s1992 flua b 001 0 eng d
010 ## - LIBRARY OF CONGRESS CONTROL NUMBER
LC control number 91230378
020 ## - INTERNATIONAL STANDARD BOOK NUMBER
International Standard Book Number 0873714458
040 ## - CATALOGING SOURCE
Original cataloging agency CoDBR
Transcribing agency DLC
Modifying agency DLC
-- WaU
041 ## - LANGUAGE CODE
Language code of text/sound track or separate title eng
042 ## - AUTHENTICATION CODE
Authentication code lccopycat
080 ## - UNIVERSAL DECIMAL CLASSIFICATION NUMBER
Universal Decimal Classification number 639.95 DON
082 00 - DEWEY DECIMAL CLASSIFICATION NUMBER
Classification number 639.95 DON
Edition number 20
100 1# - Rafti
Rafti 9
101 ## - Shkurtesa
Shkurtesa SHM
245 10 - TITLE STATEMENT
Title Creating freshwater wetlands /
Statement of responsibility, etc Donald A. Hammer.
504 ## - BIBLIOGRAPHY, ETC. NOTE
Bibliography, etc Includes bibliographical references (p. [261]-266) and index.
906 ## - LOCAL DATA ELEMENT F, LDF (RLIN)
a 7
b cbc
c copycat
d 2
e ncip
f 19
g y-gencatlg
942 ## - ADDED ENTRY ELEMENTS (KOHA)
Source of classification or shelving scheme
Item type Books
Holdings
Withdrawn status Lost status Source of classification or shelving scheme Damaged status Not for loan Permanent location Current location Date acquired Total Checkouts Full call number Barcode Date last seen Price effective from Koha item type
          UBT - Lipjan UBT - Lipjan 01/12/2018   639.95 DON 002-2994917 01/12/2018 01/12/2018 Books
UBT Library © 2015-2024. All rights reserved University Education for Business and Technology